{"text_format":"1","workbook":"xlsx","n_sheets":1,"sheets":["Лист5"],"not_rendered":{"charts":0,"images":0,"macros":0,"external_links":0,"defined_names":2,"comments":0,"pivot_tables":0},"unopened":[],"bounds":{"document_bytes":16777216,"sheet_cells":100000,"rows_first":2000,"rows_last":500,"rows_between":2000,"halvings":0,"cell_chars":16384,"cell_head_chars":4096},"cells_cut":0,"cells_raw":0,"read":"whole","date_system":"1900"}

{"sheet":"Лист5","index":0,"n_rows":190,"n_cols":12,"rows_kept":190,"cut":false,"hidden":false,"merged":[[7,1,141,1],[142,1,189,1],[4,0,4,11],[0,8,1,11],[3,0,3,11],[5,0,6,0],[5,1,6,1],[5,2,6,2],[5,3,6,3],[5,4,6,4],[5,5,6,5],[5,6,5,7],[5,8,6,8],[5,9,6,9],[5,10,6,10],[5,11,6,11]]}
[null,null,null,null,null,null,null,null,"Budjet jarayonining ochiqligini ta’minlash maqsadida rasmiy veb-saytlarda ma’lumotlarni joylashtirish tartibi to‘g‘risidagi nizomga \n5-ILOVA "]
[]
[]
["2026-yil 1-iyul xolatiga Navoiy viloyat adliya boshqarmasi tomonidan kam baholi va tez eskiruvchi buyumlar xarid qilish uchun o‘tkazilgan tanlovlar (tendyerlar) va amalga oshirilgan davlat xaridlari to‘g‘risidagi"]
["MA’LUMOTLAR"]
["T/r","Hisobot davri","Xarid qilingan tovarlar va xizmatlar nomi","Moliyalashtirish manbasi*","Xarid jarayonini amalga oshirish turi","Lot/shartnoma raqami","Pudratchi to‘g‘risida ma’lumotlar",null,"Xarid qilinayotgan tovarlar (xizmatlar) o‘lchov birligi (imkoniyat darajasida)","Xarid qilinayotgan tovarlar (xizmatlar) miqdori (hajmi)","Bitim (shartnoma) bo‘yicha tovarlar (xizmatlar) bir birligi narxi (tarifi)","Xarid qilingan tovarlar (xizmatlar) jami miqdori (hajmi) qiymati \n(ming so‘m)\n"]
[null,null,null,null,null,null,"Pudratchi nomi","Korxona STIRi"]
[1,"1-chorak","Tabiiy gaz","budjet","Yagona etkazib beruvchi","№2130720070/9  Lot261100864378125","HUDUDGAZTA`MINOT AJ",306605769,"м^3",{"$f":"+L8/K8","v":6184},2000,12368000]
[{"$f":"+A8+1","v":2},null,"Ichimlik suvi","budjet","Yagona etkazib beruvchi","№G`az0013  Lot261190860274305","Навоий сув таминот МЧЖ",300024824,"м^3",{"$f":"+L9/K9","v":350},10080,3528000]
[{"$f":"+A9+1","v":3},null,"Chiqindi tashish xizmati","budjet","O'RQ 684","№20/1  Lot261190910343522","Навоий вилояти Тоза худуд ДУК",304937104,"xizmat",{"$f":"+L10/K10","v":20},95760,1915200]
[4,null,"hrm.gov.uz\n тизими орқали хизмат кўрсатиш","budjet","O'RQ 684","№12/41-hrm-2026  Lot261190860245154","DAVLAT AXBOROT TIZIMLARINI YARATISH VA QOLLAB QUVATLASH BOYICHA YAGONA INTEGR-",204118319,"xizmat",12,1000000,{"$f":"+K11*J11","v":12000000}]
[5,null,"Tabiiy gaz","budjet","O'RQ 684","№213056284/7  Lot261100864373359","HUDUDGAZTA`MINOT AJ",306605769,"м^3",{"$f":"+L12/K12","v":14034},2000,28068000]
[6,null,"Internet xizmati","budjet","O'RQ 684","№41075597  Lot261191100251839","O`ZBEKTELEKOM  AJ",203366731,"xizmat",12,{"$f":"+L13/J13","v":3502000},42024000]
[7,null,"Chiqindi tashish xizmati","budjet","O'RQ 684","№ST2026/08  Lot261190910246596","Стимул-Навоий Х.К",300522932,"xizmat",{"$f":"+L14/K14","v":30},95760,2872800]
[8,null,"Elektr energiya","budjetdan tashqari","Yagona etkazib beruvchi","№22/157 Boshqarma  Lot261190860231358","Худудий электр тармоклари АЖ",306350099,"kvt",{"$f":"+L15/K15","v":82000},1000,82000000]
[null,null,"Elektr energiya","budjetdan tashqari","Yagona etkazib beruvchi","№52/20 Nurota FHDY/1  Lot261190860230771","Худудий электр тармоклари АЖ",306350099,"kvt",{"$f":"+L16/K16","v":10700},1000,10700000]
[null,null,"Elektr energiya","budjetdan tashqari","Yagona etkazib beruvchi","№53/124 Karmana/1  Lot261190860230645","Худудий электр тармоклари АЖ",306350099,"kvt",60050,1000,60050000]
[null,null,"Elektr energiya","budjetdan tashqari","Yagona etkazib beruvchi","№52/21 Nurota DXM/1  Lot261190860230657","Худудий электр тармоклари АЖ",306350099,"kvt",19600,1000,19600000]
[null,null,"Elektr energiya","budjetdan tashqari","Yagona etkazib beruvchi","№22/158 Navoiy sh. DXM/1  Lot261190860230724","Худудий электр тармоклари АЖ",306350099,"kvt",55760,1000,55760000]
[null,null,"Elektr energiya","budjetdan tashqari","Yagona etkazib beruvchi","№59/41 Uchquduq/1  Lot261190860230656","Худудий электр тармоклари АЖ",306350099,"kvt",28950,1000,28950000]
[null,null,"Elektr energiya","budjetdan tashqari","Yagona etkazib beruvchi","№54/2580 Xatirchi DXM/1  Lot261190860230652","Худудий электр тармоклари АЖ",306350099,"kvt",29380,1000,29380000]
[null,null,"Elektr energiya","budjetdan tashqari","Yagona etkazib beruvchi","№51/29 Konimeh DXM/1  Lot261190860230740","Худудий электр тармоклари АЖ",306350099,"kvt",18200,1000,18200000]
[null,null,"Elektr energiya","budjetdan tashqari","Yagona etkazib beruvchi","№56/57 Navbahor DXM/1  Lot261190860230711","Худудий электр тармоклари АЖ",306350099,"kvt",27900,1000,27900000]
[null,null,"Elektr energiya","budjetdan tashqari","Yagona etkazib beruvchi","№55/26 Qiziltape DXM/1  Lot261190860230969","Худудий электр тармоклари АЖ",306350099,"kvt",60850,1000,60850000]
[null,null,"Elektr energiya","budjetdan tashqari","Yagona etkazib beruvchi","№58/21 Tomdi DXM/1  Lot261190860230862","Худудий электр тармоклари АЖ",306350099,"kvt",36000,1000,36000000]
[null,null,"Elektr energiya","budjetdan tashqari","Yagona etkazib beruvchi","№52/8 G`ozg`on DXM/1  Lot261190860230929","Худудий электр тармоклари АЖ",306350099,"kvt",42860,1000,42860000]
[null,null,"Elektr energiya","budjetdan tashqari","Yagona etkazib beruvchi","№57/17 Zarafshon sh. DXM/1  Lot261190860230839","Худудий электр тармоклари АЖ",306350099,"kvt",82000,1000,82000000]
[{"$f":"+A15+1","v":9},null,"Telefon xizmati","budjetdan tashqari","O'RQ 684","№NAV139 - 202601 34505310  Lot261191100244947","ООО Coscom",201788904,"куб.м",12,{"$f":"+L28/J28","v":530000},6360000]
[10,null,"benzin","budjetdan tashqari","PF 259","№55  Lot261191380002041","Навоий нефть базасиМЧЖ",200002538,"t",{"$f":"0.18*11","v":1.98},{"$f":"+L29/J29","v":13807320},27338493.600000001]
[11,null,"Tabbiy siqilgan gaz (metan)","budjetdan tashqari","PF 259","№26 Nurota adliya  Lot261191380002095","METAN GAZ NUROTA мчж",302356393,"куб.м",{"$f":"+L30/K30","v":2090},5000,10450000]
[12,null,"Tabbiy siqilgan gaz (metan)","budjetdan tashqari","PF 259","№26 G`/N adliya  Lot261191380002136","OOO SPUTNIK AVTO SERVIS",301601073,"куб.м",{"$f":"+L31/K31","v":4180},5000,20900000]
[13,null,"Akkumulyator","budjetdan tashqari","Elektron do`kon","№4050469  Lot261110084727222","SUNWAY COMPANY MCHJ",306042624,"dona",1,595775,{"$f":"+K32*J32","v":595775}]
[14,null,"Tabbiy siqilgan gaz (metan)","budjetdan tashqari","PF 259","№26 Konimex adliya  Lot261191380002147","Karmana Alfa GaZ  service  МЧЖ",302189830,"куб.м",2090,4800,10032000]
[15,null,"Tabbiy siqilgan gaz (metan)","budjetdan tashqari","PF 259","№26 Uchquduq adliya  Lot261191380002075","Uchquduq oil gaz invest МЧЖ",304966582,"куб.м",2090,5200,{"$f":"+K34*J34","v":10868000}]
[16,null,"Tabbiy siqilgan gaz (metan)","budjetdan tashqari","PF 259","№26 Xatirchi adliya  Lot261191380002168","Мухаммад Али Кувончи МЧЖ",301293237,"куб.м",2090,4800,10032000]
[17,null,"Papka","budjetdan tashqari","Elektron do`kon","№4059668  Lot261110084738691","ООО AZIZ-LAZIZ GOLDEN GROUP",308396499,"dona",280,11890,{"$f":"+K36*J36","v":3329200}]
[18,null,"Pochta xizmati","budjetdan tashqari","O'RQ 684","№30/26  Lot261191100249452","Давлат фельдегер хизмати Навоий булими",200003496,"xizmat",12,{"$f":"+L37/J37","v":291666.66666666669},3500000]
[19,null,"Organayzer","budjetdan tashqari","Elektron do`kon","№4059801  Lot261110084738780","CALIBRE POLYGRAPHY MCHJ",310877003,"dona",26,{"$f":"+L38/J38","v":76300},1983800]
[20,null,"Tabbiy siqilgan gaz (metan)","budjetdan tashqari","PF 259","№26 Zarafshon Tomdi adliya  Lot261191380009914","ООО АСКОМЖ-ЗАРАФШОН",305917515,"куб.м",{"$f":"380*11","v":4180},{"$f":"+L39/J39","v":5200},21736000]
[21,null,"Pochta xizmati","budjetdan tashqari","O'RQ 684","№24  Lot261190910291752","Республика махсус алока богламаси ДУК",201440547,"xizmat",12,{"$f":"+L40/J40","v":9333333.333333334},112000000]
[22,null,"Tabiiy gaz","budjetdan tashqari","Yagona etkazib beruvchi","№213056284/11  Lot261100864384399","HUDUDGAZTA`MINOT AJ",306605769,"куб.м",{"$f":"+L41/K41","v":48700},2000,97400000]
[23,null,"Tabbiy siqilgan gaz (metan)","budjetdan tashqari","PF 259","№26 Qiziltepa adliya  Lot261191380021709","Зарафшон авто газМЧЖ",302025267,"куб.м",{"$f":"190*11","v":2090},{"$f":"+L42/J42","v":4900},10241000]
[24,null,"Tabbiy siqilgan gaz (metan)","budjetdan tashqari","PF 259","№9/26  Lot261191380021674","Зарафшон Файз Оил МЧЖ",301711048,"куб.м",{"$f":"+L43/K43","v":10450},4950,51727500]
[25,null,"Chiqindi tashish xizmati","budjetdan tashqari","O'RQ 684","№26X  Lot261190910344491","Мироншох комфорт сервис МЧЖ",207164728,"xizmat",{"$f":"+L44/K44","v":12},95760,1149120]
[26,null,"issiq suv va issiqlik energiyasi","budjetdan tashqari","Yagona etkazib beruvchi","№T2/300-26/1  Lot261190860273701","Иссиклик манбаи ДУК Навоий филиали",307122468,"dona",{"$f":"+L45/K45","v":164},604800,99187200]
[27,null,"GPS xizmati","budjetdan tashqari","Elektron do`kon","№4464076  Lot261111145181169","NAVOIY AKT AVTOMATIKA МЧЖ",304521187,"dona",6,{"$f":"+L46/J46","v":716000},4296000]
[28,null,"Elektr energiya","budjetdan tashqari","Yagona etkazib beruvchi","№22/636 Arxiv/1  Lot261190860231249","Худудий электр тармоклари АЖ",306350099,"dona",{"$f":"+L47/K47","v":48710},1000,48710000]
[29,null,"Qog'oz A4","budjetdan tashqari","Elektron do`kon","№4034592  Lot261110084709354","ООО KANS MIR NAVOIY",308067400,"pachka",50,38900,{"$f":"+K48*J48","v":1945000}]
[30,null,"konditsioner ta'mirlash","budjetdan tashqari","Elektron do`kon","№4035898  Lot261111144710715","Навоий меридиан бусинесс",308550315,"dona",1,7800000,{"$f":"+K49*J49","v":7800000}]
[31,null,"Tabiiy gaz","budjetdan tashqari","Yagona etkazib beruvchi","№213052558/6  Lot261100864373352","HUDUDGAZTA`MINOT AJ",306605769,"куб.м",{"$f":"+L50/K50","v":16000},2000,32000000]
[32,null,"Internet xizmati","budjetdan tashqari","O'RQ 684","№40777058  Lot261191100251788","O`ZBEKTELEKOM  AJ",203366731,"xizmat",12,{"$f":"+L51/J51","v":915000},10980000]
[33,null,"Papka","budjetdan tashqari","Elektron do`kon","№4059674  Lot261110084738705","ООО AZIZ-LAZIZ GOLDEN GROUP",308396499,"xizmat",240,{"$f":"+L52/J52","v":11499},2759760]
[34,null,"Organayzer","budjetdan tashqari","Elektron do`kon","№4059822  Lot261110084738794","CALIBRE POLYGRAPHY MCHJ",310877003,"dona",31,{"$f":"+L53/J53","v":76300},2365300]
[35,null,"Tabiiy gaz","budjetdan tashqari","Yagona etkazib beruvchi","№213080416  Lot261100864380692","HUDUDGAZTA`MINOT AJ",306605769,"куб.м",{"$f":"+L54/K54","v":11000},2000,22000000]
[36,null,"Isitish tizimina ta'mirlash","budjetdan tashqari","Elektron do`kon","№4120433  Lot261111144800455","Навоий меридиан бусинесс",308550315,"dona",1,3000000,3000000]
[37,null,"panjara yasash xizmati","budjetdan tashqari","Elektron do`kon","№4271629  Lot261111144972713","Шомурод х/к",200001174,"xizmat",3,{"$f":"+L56/J56","v":1950000},5850000]
[38,null,"Qog'oz A4","budjetdan tashqari","Elektron do`kon","№4034593  Lot261110084709345","ООО KANS MIR NAVOIY",308067400,"pachka",197,{"$f":"+L57/J57","v":38900},7663300]
[39,null,"Tabiiy gaz","budjetdan tashqari","Yagona etkazib beruvchi","№213013410/8  Lot261100864373350","HUDUDGAZTA`MINOT AJ",306605769,"куб.м",{"$f":"+L58/K58","v":22000},2000,44000000]
[40,null,"Tabiiy gaz","budjetdan tashqari","Yagona etkazib beruvchi","№213080039/5  Lot261100864373357","HUDUDGAZTA`MINOT AJ",306605769,"куб.м",{"$f":"+L59/K59","v":15000},2000,30000000]
[41,null,"Tabiiy gaz","budjetdan tashqari","Yagona etkazib beruvchi","№213042072/11  Lot261100864373356","HUDUDGAZTA`MINOT AJ",306605769,"куб.м",15000,2000,30000000]
[42,null,"Tabiiy gaz","budjetdan tashqari","Yagona etkazib beruvchi","№2130620090/7  Lot261100864373355","HUDUDGAZTA`MINOT AJ",306605769,"куб.м",27000,2000,54000000]
[43,null,"Tabiiy gaz","budjetdan tashqari","Yagona etkazib beruvchi","№213051715/6  Lot261100864373351","HUDUDGAZTA`MINOT AJ",306605769,"куб.м",29000,2000,58000000]
[44,null,"konditsioner ta'mirlash","budjetdan tashqari","Elektron do`kon","№4044068  Lot261111144720567","Навоий меридиан бусинесс",308550315,"xizmat",4,{"$f":"+L63/J63","v":2450000},9800000]
[45,null,"Internet xizmati","budjetdan tashqari","O'RQ 684","№1905732800  Lot261191100251826","O`ZBEKTELEKOM  AJ",203366731,"xizmat",12,{"$f":"+L64/J64","v":11186000},134232000]
[46,null,"Akkumulyator","budjetdan tashqari","Elektron do`kon","№4050468  Lot261110084727229","SUNWAY COMPANY MCHJ",306042624,"dona",1,545975,545975]
[47,null,"Tabbiy siqilgan gaz (metan)","budjetdan tashqari","PF 259","№26 G`/N DXM  Lot261191380002513","OOO SPUTNIK AVTO SERVIS",301601073,"куб.м",{"$f":"+L66/K66","v":3300},5000,16500000]
[48,null,"Tabbiy siqilgan gaz (metan)","budjetdan tashqari","PF 259","№26 Nurota DXM  Lot261191380002522","METAN GAZ NUROTA мчж",302356393,"куб.м",{"$f":"+L67/K67","v":1650},5000,8250000]
[49,null,"Tabbiy siqilgan gaz (metan)","budjetdan tashqari","PF 259","№26 Uchquduq DXM  Lot261191380002529","Uchquduq oil gaz invest МЧЖ",304966582,"куб.м",{"$f":"+L68/K68","v":1650},5200,8580000]
[50,null,"Tabbiy siqilgan gaz (metan)","budjetdan tashqari","PF 259","№26 Zarafshon DXM  Lot261191380002521","ООО АСКОМЖ-ЗАРАФШОН",305917515,"куб.м",{"$f":"+L69/K69","v":1650},5200,8580000]
[51,null,"Tabbiy siqilgan gaz (metan)","budjetdan tashqari","PF 259","№26 Xatirchi DXM  Lot261191380002503","Мухаммад Али Кувончи МЧЖ",301293237,"куб.м",{"$f":"+L70/K70","v":1650},4800,7920000]
[52,null,"Ichimlik suv va oqova suv","budjetdan tashqari","Yagona etkazib beruvchi","№210900042  Lot261190860273354","Навоий сув таминот МЧЖ",300024824,"куб.м",{"$f":"+L71/K71","v":2400},16800,40320000]
[53,null,"Ichimlik suv va oqova suv","budjetdan tashqari","Yagona etkazib beruvchi","№1712216225413  Lot261190860271788","Навоий сув таминот МЧЖ",300024824,"куб.м",{"$f":"+L72/K72","v":485},16800,8148000]
[54,null,"Ichimlik suv","budjetdan tashqari","Yagona etkazib beruvchi","№210700065  Lot261190860271051","Навоий сув таминот МЧЖ",300024824,"куб.м",{"$f":"+L73/K73","v":200},10080,2016000]
[55,null,"Ichimlik suv va oqova suv","budjetdan tashqari","Yagona etkazib beruvchi","№211100022  Lot261190860271592","Навоий сув таминот МЧЖ",300024824,"куб.м",{"$f":"+L74/K74","v":110},16800,1848000]
[56,null,"Ichimlik suv","budjetdan tashqari","Yagona etkazib beruvchi","№210800005  Lot261190860271908","Навоий сув таминот МЧЖ",300024824,"куб.м",{"$f":"+L75/K75","v":720},10080,7257600]
[57,null,"Ichimlik suv","budjetdan tashqari","Yagona etkazib beruvchi","№210500006  Lot261190860272108","Навоий сув таминот МЧЖ",300024824,"куб.м",{"$f":"+L76/K76","v":150},10080,1512000]
[58,null,"Ichimlik suv va oqova suv","budjetdan tashqari","Yagona etkazib beruvchi","№210300062  Lot261190860272610","Навоий сув таминот МЧЖ",300024824,"куб.м",{"$f":"+L77/K77","v":300},16800,5040000]
[59,null,"kir yuvish kukuni","budjetdan tashqari","Elektron do`kon","№4059308  Lot261110084738408","ООО KANS MIR NAVOIY",308067400,"dona",55,{"$f":"+L78/J78","v":3700},203500]
[60,null,"chistol","budjetdan tashqari","Elektron do`kon","№4059298  Lot261110084738471","ООО KANS MIR NAVOIY",308067400,"dona",55,{"$f":"+L79/J79","v":5200},286000]
[61,null,"suyuq sovun","budjetdan tashqari","Elektron do`kon","№4059295  Lot261111144738340","ООО KANS MIR NAVOIY",308067400,"dona",55,{"$f":"+L80/J80","v":9995},549725]
[62,null,"pol latta","budjetdan tashqari","Elektron do`kon","№4059279  Lot261110084738257","JAVA COOPERATION MCHJ",311469604,"dona",55,{"$f":"+L81/J81","v":8999},494945]
[63,null,"xlor","budjetdan tashqari","Elektron do`kon","№4059605  Lot261110084738641","YTT Bahodirov Behzod Bahromjon ugli","50209007050024/","dona",50,{"$f":"+L82/J82","v":12222},611100]
[64,null,"Tabiiy gaz","budjetdan tashqari","Yagona etkazib beruvchi","№213032418/8  Lot261100864378126","HUDUDGAZTA`MINOT AJ",306605769,"куб.м",{"$f":"+L83/K83","v":16000},2000,32000000]
[65,null,"Tabiiy gaz","budjetdan tashqari","Yagona etkazib beruvchi","№2130720074/7  Lot261100864378126","HUDUDGAZTA`MINOT AJ",306605769,"куб.м",15000,2000,30000000]
[66,null,"Papka","budjetdan tashqari","Elektron do`kon","№6511006.1.1  Lot262110086511006","CARTIVO MCHJ",312148267,"dona",220,{"$f":"+L85/J85","v":13480},2965600]
[67,null,"Tabbiy siqilgan gaz (metan)","budjetdan tashqari","PF 259","№26 Konumex DXM  Lot261191380009899","Karmana Alfa GaZ  service  МЧЖ",302189830,"куб.м",{"$f":"+L86/K86","v":1650},4800,7920000]
[68,null,"GPS xizmati","budjetdan tashqari","Elektron do`kon","№4076422  Lot261111144755591","NAVOIY AKT AVTOMATIKA МЧЖ",304521187,"xizmat",15,{"$f":"+L87/J87","v":360000},5400000]
[69,null,"pletka terish xizmati","budjetdan tashqari","Elektron do`kon","№6569343.1.1  Lot262111146569343","ООО SPRINTER SB",308348138,"xizmat",1,19342000,19342000]
[70,null,"Tabbiy siqilgan gaz (metan)","budjetdan tashqari","PF 259","№26 Qiziltepa DXM  Lot261191380021700","Зарафшон авто газМЧЖ",302025267,"куб.м",{"$f":"+L89/K89","v":1650},4900,8085000]
[71,null,"Tabbiy siqilgan gaz (metan)","budjetdan tashqari","PF 259","№26 Karmana DXM  Lot261191380021684","Зарафшон Файз Оил МЧЖ",301711048,"куб.м",{"$f":"+L90/K90","v":1650},4950,8167500]
[72,null,"Tabbiy siqilgan gaz (metan)","budjetdan tashqari","PF 259","№26 Tomdi DXM  Lot261191380021694","ZARAFSHON GLASS МЧЖ",305063535,"куб.м",{"$f":"+L91/K91","v":1650},5200,8580000]
[73,null,"LED panel","budjetdan tashqari","Elektron do`kon","№B1219713  Lot26311125020602","DJIZZAKH MAXSUS TAMINOT XK",309352458,"dona",50,{"$f":"+L92/J92","v":78000},3900000]
[74,null,"LED panel","budjetdan tashqari","Elektron do`kon","№B1219712  Lot26311125020628","DJIZZAKH MAXSUS TAMINOT XK",309352458,"dona",200,{"$f":"+L93/J93","v":74000},14800000]
[75,null,"LED panel","budjetdan tashqari","Elektron do`kon","№B1219715  Lot26311125020650","OOO LED ENERGY PRODUCT",307848821,"dona",50,{"$f":"+L94/J94","v":55000},2750000]
[76,null,"LED panel","budjetdan tashqari","Elektron do`kon","№B1219721  Lot26311125020670","OOO LED ENERGY PRODUCT",307848821,"dona",50,{"$f":"+L95/J95","v":65000},3250000]
[77,null,"LED panel","budjetdan tashqari","Elektron do`kon","№B1219734  Lot26311125020685","OOO LED ENERGY PRODUCT",307848821,"dona",50,{"$f":"+L96/J96","v":40000},2000000]
[78,null,"chek lenta","budjetdan tashqari","Elektron do`kon","№4123196  Lot261110084803657","YATT MELIQO?ZIYEV Y.B","30110976950023/","dona",100,{"$f":"+L97/J97","v":44444},4444400]
[79,null,"Kartridj","budjetdan tashqari","Elektron do`kon","№6639051.1.1  Lot262110086639051","ЧП Gamma Toner Technology",207102130,"dona",10,{"$f":"+L98/J98","v":224000},2240000]
[80,null,"LED panel","budjetdan tashqari","Elektron do`kon","№B1220859  Lot26311125022327","DJIZZAKH MAXSUS TAMINOT XK",309352458,"dona",60,{"$f":"+L99/J99","v":37000},2220000]
[81,null,"pechat asosi","budjetdan tashqari","Elektron do`kon","№4125037  Lot261110084805823","BESH-SHOP MCHJ",312720940,"dona",200,{"$f":"+L100/J100","v":40500},8100000]
[82,null,"LED panel","budjetdan tashqari","Elektron do`kon","№B1221027  Lot26311125022546","TRENO INTERNATIONAL MCHJ",312408504,"dona",180,{"$f":"+L101/J101","v":35500},6390000]
[83,null,"kommunal xizmat","budjetdan tashqari","PF 259","№10/2  Lot261191360023273","XURSHID KOMMUNAL PROGRESS MAS`ULIYATI CHEKLANGAN JAMIYAT",308568315,"xizmat",12,{"$f":"+L102/J102","v":732000},8784000]
[84,null,"kommunal xizmat","budjetdan tashqari","PF 259","№25  Lot261191360023263","XUMO ZILOLA BARXAYOT PLYUS MCHJ",309571842,"xizmat",12,{"$f":"+L103/J103","v":1020000},12240000]
[85,null,"avtotransport ta'mirlash xizmati","budjetdan tashqari","Elektron do`kon","№4141473 Lot261110084824109","DETAILES MCHJ",312178903,"xizmat",1,{"$f":"+L104/J104","v":995000},995000]
[86,null,"avtomobil shinasi","budjetdan tashqari","Elektron do`kon","№4159893  Lot261110084844710","OQAR OTA HAMKOR",308964456,"dona",4,{"$f":"+L105/J105","v":470001},1880004]
[87,null,"obuna xizmati","budjetdan tashqari","O'RQ 684","№SR-26/01  Lot261191370030428","АДОЛАТ нашриёти ДК",201453166,"xizmat",430,{"$f":"+L106/J106","v":412000},177160000]
[88,null,"lampa","budjetdan tashqari","Elektron do`kon","№4163201  Lot261110084847773","ОООFikrlar bulogi",206773524,"dona",16,{"$f":"+L107/J107","v":245000},3920000]
[89,null,"Elektron USB-kalit","budjetdan tashqari","Elektron do`kon","№6701246.1.1  Lot262110086701246","BESH-SHOP MCHJ",312720940,"dona",10000,{"$f":"+L108/J108","v":31400},314000000]
[90,null,"avtotransport ta'mirlash xizmati","budjetdan tashqari","Elektron do`kon","№4243903  Lot261110084934245","YTT XUSANOV AVAZBEK OBIDJON O?G?LI","51403075040041/","xizmat",1,{"$f":"+L109/J109","v":12000000},12000000]
[91,null,"malaka oshirish o'quv kursi","budjetdan tashqari","Elektron do`kon","№4037982 Lot261110084713429","Уз.Р.Бош прокуратура академияси",200838518,"xizmat",1,1615040,{"$f":"+K110*J110","v":1615040}]
[92,null,"poligrafiya xizmati","budjetdan tashqari","Elektron do`kon","№4040770  Lot261110084716728","ИП NASRIYEV JAMOLIDDIN XUSNIDDINOVICH","30905850220035/","xizmat",100,{"$f":"+L111/J111","v":2000},200000]
[93,null,"malaka oshirish o'quv kursi","budjetdan tashqari","Elektron do`kon","№4044310  Lot261110084720854","Уз.Р.Бош прокуратура академияси",200838518,"xizmat",1,{"$f":"+L112/J112","v":86520},86520]
[94,null,"malaka oshirish o'quv kursi","budjetdan tashqari","Elektron do`kon","№4044301  Lot261110084720844","Уз.Р.Бош прокуратура академияси",200838518,"xizmat",135,{"$f":"+L113/J113","v":57680},7786800]
[95,null,"Ijro.gov.uz","budjetdan tashqari","O'RQ 684","№6912-2026/IJRO  Lot261190860249096","UNICON-SOFT МЧЖ",305109680,"xizmat",12,{"$f":"+L114/J114","v":298000},3576000]
[96,null,"programmalash xizmati","budjetdan tashqari","Elektron do`kon","№4057190  Lot261110084735894","ЯТТ NABIXONOVA MUXLISAXON MUZAFARXON QIZI","40907995970034/","xizmat",1,{"$f":"+L115/J115","v":2450000},2450000]
[97,null,"Qog'oz A4","budjetdan tashqari","Elektron do`kon","№4057181  Lot261110084735881","ООО KANS MIR NAVOIY",308067400,"dona",50,{"$f":"+L116/J116","v":38900},1945000]
[98,null,"kir yuvish kukuni","budjetdan tashqari","Elektron do`kon","№4059309  Lot261110084738400","ООО KANS MIR NAVOIY",308067400,"dona",50,{"$f":"+L117/J117","v":3700},185000]
[99,null,"chistol","budjetdan tashqari","Elektron do`kon","№4059297  Lot261110084738466","ООО KANS MIR NAVOIY",308067400,"dona",50,{"$f":"+L118/J118","v":5200},260000]
[100,null,"suyuq sovun","budjetdan tashqari","Elektron do`kon","№4059296  Lot261111144738331","ООО KANS MIR NAVOIY",308067400,"dona",50,{"$f":"+L119/J119","v":9995},499750]
[101,null,"tualetnaya bumaga","budjetdan tashqari","Elektron do`kon","№4059294  Lot261111144738446","ООО KANS MIR NAVOIY",308067400,"dona",50,{"$f":"+L120/J120","v":23995},1199750]
[102,null,"qog'oz sochiq","budjetdan tashqari","Elektron do`kon","№4059293  Lot261111144738195","ООО KANS MIR NAVOIY",308067400,"upakovka",20,{"$f":"+L121/J121","v":13995},279900]
[103,null,"zamazka","budjetdan tashqari","Elektron do`kon","№4059281  Lot261110084738568","ООО KANS MIR NAVOIY",308067400,"dona",20,{"$f":"+L122/J122","v":8700},174000]
[{"$f":"+A122+1","v":104},null,"pol latta","budjetdan tashqari","Elektron do`kon","№4059278  Lot261110084738241","JAVA COOPERATION MCHJ",311469604,"dona",50,{"$f":"+L123/J123","v":8999},449950]
[105,null,"xlor","budjetdan tashqari","Elektron do`kon","№4059616  Lot261110084738633","YTT Bahodirov Behzod Bahromjon ugli","50209007050024/","dona",50,{"$f":"+L124/J124","v":12222},611100]
[106,null,"qalam","budjetdan tashqari","Elektron do`kon","№4059733  Lot261110084738756","ООО KANS MIR NAVOIY",308067400,"dona",100,{"$f":"+L125/J125","v":950},95000]
[107,null,"Kabel pitaniya","budjetdan tashqari","Elektron do`kon","№4071788  Lot261110084753043","Навоий меридиан бусинесс",308550315,"M",70,{"$f":"+L126/J126","v":3400},238000]
[108,null,"rubilnik","budjetdan tashqari","Elektron do`kon","№4072340  Lot261110084753621","UNIVERSAL TEXNO SIASH MCHJ",310799124,"dona",1,300000,300000]
[109,null,"gofra","budjetdan tashqari","Elektron do`kon","№4072514  Lot261110084753789","ЯККА ТАРТИБДАГИ ТАДБИРКОР","41201872330041/","M",70,{"$f":"+L128/J128","v":2955},206850]
[110,null,"Kuchlanishi 1 kV dan oshmaydigan elektr zanjiri uzgichi","budjetdan tashqari","Elektron do`kon","№4072570  Lot261110084753867","PRO ENERGY CONTROL MCHJ",307432873,"dona",1,180000,180000]
[111,null,"metal qutti","budjetdan tashqari","Elektron do`kon","№4074026  Lot261110084755617","ЯККА ТАРТИБДАГИ ТАДБИРКОР","41201872330041/","dona",1,335000,335000]
[112,null,"foto bumaga","budjetdan tashqari","Elektron do`kon","№4074380  Lot261110084756003","Канц-Маркет тижорат корхонаси",204387372,"pachka",3,150000,450000]
[113,null,"temir profil","budjetdan tashqari","Elektron do`kon","№B1213926  Lot26311125011640","OKSA MCHJ",312614953,"M",10,{"$f":"+L132/J132","v":160000},1600000]
[114,null,"marker","budjetdan tashqari","Elektron do`kon","№4081765  Lot261110084764248","BROSER GROUP O1 MCHJ",312619638,"komp",20,{"$f":"+L133/J133","v":13000},260000]
[115,null,"programmalash xizmati","budjetdan tashqari","Elektron do`kon","№4091258  Lot261111144776336","ЯТТ Тошмуродова Замира Нурмановна","42406712350035/","xizmat",1,1036000,1036000]
[116,null,"toner","budjetdan tashqari","Elektron do`kon","№4123267  Lot261110084803761","ЧП Gamma Toner Technology",207102130,"xizmat",20,{"$f":"+L135/J135","v":60000},1200000]
[117,null,"poligrafiya xizmati","budjetdan tashqari","Elektron do`kon","№4126519  Lot261111144805370","Ходжиев Намозбек Ниёзович ЯТТ",453447741,"dona",30,{"$f":"+L136/J136","v":150000},4500000]
[118,null,"avtotransport ta'mirlash xizmati","budjetdan tashqari","Elektron do`kon","№4141474  Lot261110084824091","DETAILES MCHJ",312178903,"xizmat",1,3900000,3900000]
[119,null,"poligrafiya xizmati","budjetdan tashqari","Elektron do`kon","№4147155  Lot261111144831078","ЧПPrint Copying Services",303401123,"xizmat",15,{"$f":"+L138/J138","v":35000},525000]
[120,null,"avtotransport ta'mirlash xizmati","budjetdan tashqari","Elektron do`kon","№4172974  Lot261111144860142","BEST AVTO MOTOR SERVIS хусусий корхонаси",305938473,"xizmat",1,4412500,4412500]
[121,null,"avto shina","budjetdan tashqari","Elektron do`kon","№4182243  Lot261110084870875","YTT AMONOV SHOHZOD SHOKIR O?G?LI","31101995290024/","xizmat",4,{"$f":"+L140/J140","v":558000},2232000]
[122,null,"Avtotransport vositasini yoqilg'i sarfina aniqlash","budjetdan tashqari","Elektron do`kon","№4221720  Lot261110084915684","DELTA SERVICE NAVOI MCHJ",310730946,"xizmat",1,444950,444950]
[123,null,"Akkumulyator","budjetdan tashqari","Elektron do`kon","№4298837  Lot261110084999973","SUNWAY COMPANY MCHJ",306042624,"dona",2,{"$f":"+L142/J142","v":640975},1281950]
[124,"2-chorak","jalyuzi","budjetdan tashqari","Elektron do`kon","№7206521.1.1  Lot262110087206521","ЯККА ТАРТИБДАГИ ТАДБИРКОР","50509075780073/","m2",17,{"$f":"+L143/J143","v":148000},2516000]
[125,null,"Tabiiy gaz","budjet","Yagona etkazib beruvchi","№6/021/4  Lot261100864410608","HUDUDGAZTA`MINOT AJ",306605769,"м^3",{"$f":"+L144/K144","v":15000},2000,30000000]
[126,null,"skotch","budjetdan tashqari","Elektron do`kon","№4457437  Lot261110085176455","ООО KANS MIR NAVOIY",308067400,"dona",100,{"$f":"+L145/J145","v":23990},2399000]
[127,null,"kley","budjetdan tashqari","Elektron do`kon","№4457433  Lot261110085176447","JAVA COOPERATION MCHJ",311469604,"dona",20,{"$f":"+L146/J146","v":8998},179960]
[128,null,"Qog'oz A4","budjetdan tashqari","Elektron do`kon","№4308628  Lot261111145012545","WORLD KANS MIR MCHJ",312718174,"upakovka",50,{"$f":"+L147/J147","v":41800},2090000]
[129,null,"Mebel tamirlash xizmati","budjetdan tashqari","Elektron do`kon","№4349157  Lot261111145053971","Навоий вил. Формула уютамчж",301183666,"xizmat",18,{"$f":"+L148/J148","v":389000},7002000]
[130,null,"Mebel tamirlash xizmati","budjetdan tashqari","Elektron do`kon","№4349200  Lot261111145054003","Навоий вил. Формула уютамчж",301183666,"xizmat",3,{"$f":"+L149/J149","v":1889000},5667000]
[131,null,"solyarka","budjetdan tashqari","PF 259","№236  Lot261191380050997","Навоий нефть базасиМЧЖ",200002538,"t",0.1,{"$f":"+L150/J150","v":14703400},1470340]
[132,null,"set kabeli","budjetdan tashqari","Elektron do`kon","№4457721  Lot261110085176787","YTT BAXROMJONOV BAXTIYOR BAXROMJONOVICH","33108882940026/","upakovka",2,{"$f":"+L151/J151","v":489800},979600]
[133,null,"qattiq disk","budjetdan tashqari","Elektron do`kon","№4457778  Lot261110085176852","YTT XOLMUMINOV JAMSHID KUCHQOR O?G?LI","52307056080059/","dona",8,{"$f":"+L152/J152","v":2340000},18720000]
[134,null,"qattiq disk","budjetdan tashqari","Elektron do`kon","№4457813  Lot261110085176893","YTT XOLMUMINOV JAMSHID KUCHQOR O?G?LI","52307056080059/","dona",6,{"$f":"+L153/J153","v":3449999},20699994]
[135,null,"qattiq disk","budjetdan tashqari","Elektron do`kon","№4457802  Lot261110085176881","KAMERUN STAR UNIVERSAL MCHJ",306023726,"dona",6,{"$f":"+L154/J154","v":3185000},19110000]
[136,null,"bordyur lentasi","budjetdan tashqari","Elektron do`kon","№4462043  Lot261110085177661","ЧП ECOGREEN",305316449,"dona",20,{"$f":"+L155/J155","v":336000.01},6720000.2000000002]
[137,null,"Mebel tamirlash xizmati","budjetdan tashqari","Elektron do`kon","№4770632  Lot261111145288642","Навоий вил. Формула уютамчж",301183666,"dona",3,{"$f":"+L156/J156","v":2470000},7410000]
[138,null,"plyonka pechat uchun","budjetdan tashqari","Elektron do`kon","№7579741.1.1  Lot262110087579741","yatt","30305954180033/","upakovka",40,{"$f":"+L157/J157","v":149000},5960000]
[139,null,"opganayzer","budjetdan tashqari","Elektron do`kon","№7671770.1.1  Lot262110087671770","ООО KANS MIR NAVOIY",308067400,"dona",65,{"$f":"+L158/J158","v":86000},5590000]
[140,null,"xlor","budjetdan tashqari","Elektron do`kon","№4813029  Lot261110085336125","FITCONN MED MCHJ",310810387,"dona",80,{"$f":"+L159/J159","v":5800},464000]
[141,null,"oshvijitel","budjetdan tashqari","Elektron do`kon","№B1291938  Lot26311125131445","FALCON LINE хусусий корхонаси",306894560,"dona",60,{"$f":"+L160/J160","v":11200},672000]
[142,null,"pol latta","budjetdan tashqari","Elektron do`kon","№4813525  Lot261110085336616","JAVA COOPERATION MCHJ",311469604,"dona",100,{"$f":"+L161/J161","v":9999},999900]
[143,null,"suyuq sovun","budjetdan tashqari","Elektron do`kon","№B1291978  Lot26311125131560","JAVA COOPERATION MCHJ",311469604,"dona",100,{"$f":"+L162/J162","v":4998},499800]
[144,null,"chek lenta","budjetdan tashqari","Elektron do`kon","№4813865  Lot261110085336951","KAMOLAXON INVEST GROUP MCHJ",310870923,"rulon",100,{"$f":"+L163/J163","v":49000},4900000]
[145,null,"chistol","budjetdan tashqari","Elektron do`kon","№B1292111  Lot26311125131545","LEXON OFFICE MCHJ",312756610,"xizmat",80,{"$f":"+L164/J164","v":5000},400000]
[146,null,"televizor ta'mirlash","budjetdan tashqari","Elektron do`kon","№4879151  Lot261111145387017","ЯТТ Тошмуродова Замира Нурмановна","42406712350035/","komp",4,{"$f":"+L165/J165","v":750000},3000000]
[147,null,"foto polimer","budjetdan tashqari","Elektron do`kon","№4817257  Lot261110085339769","BESH-SHOP MCHJ",312720940,"komp",20,{"$f":"+L166/J166","v":260000},5200000]
[148,null,"pechat asosi","budjetdan tashqari","Elektron do`kon","№4838697  Lot261110085362666","yatt","30305954180033/","komp",500,{"$f":"+L167/J167","v":39200},19600000]
[149,null,"gaz ballonlarini sinovdan o'tkazish","budjetdan tashqari","Elektron do`kon","№4903049  Lot261111145407830","Х/К Nurafshon kelajak servis 2019",306028884,"komp",5,{"$f":"+L168/J168","v":600000},3000000]
[150,null,"avtotransport ta'mirlash xizmati","budjetdan tashqari","Elektron do`kon","№7131248.1.1  Lot262110087131248","ЯККА DEG ТАРТИБДАГИ ТАДБИРКОР","30811825890014/","dona",1,{"$f":"+L169/J169","v":2978000},2978000]
[151,null,"temir quti","budjetdan tashqari","Elektron do`kon","№4397965  Lot261110085109568","ENERGETIK SIFAT SAVDO MChJ",307130822,"dona",1,{"$f":"+L170/J170","v":234000},234000]
[152,null,"tros","budjetdan tashqari","Elektron do`kon","№4398137  Lot261110085109776","YTT ALMAXMATOV OLTINBEK DILSHOD O?G?LI","50804055500017/","m",70,{"$f":"+L171/J171","v":12000},840000]
[153,null,"plastmassa truba","budjetdan tashqari","Elektron do`kon","№4398072  Lot261110085109699","BROKER 111 MCHJ",311705215,"m",200,{"$f":"+L172/J172","v":4800},960000]
[154,null,"Kuchlanishi 1 kV dan oshmaydigan elektr zanjiri uzgichi","budjetdan tashqari","Elektron do`kon","№4403981  Lot261110085109594","YTT MUXITDINOV TURSUNBOY AKBAR O?G?LI","53005045540036/","komp",1,{"$f":"+L173/J173","v":40000},40000]
[155,null,"izolenta","budjetdan tashqari","Elektron do`kon","№4404008  Lot261110085109759","ООО INNOVATION PROJECT PROGRAMS",308564985,"xizmat",10,{"$f":"+L174/J174","v":7000},70000]
[156,null,"kabel","budjetdan tashqari","Elektron do`kon","№7223933.1.1  Lot262110087223933","ЯТТ АСЛОНОВ ХАЁТЖОН НЕЪМАТОВИЧ",513961058,"m",160,{"$f":"+L175/J175","v":44700},7152000]
[157,null,"poligrafiya xizmati","budjetdan tashqari","Elektron do`kon","№4430690  Lot261111145147000","ЧПPrint Copying Services",303401123,"xizmat",6,{"$f":"+L176/J176","v":45000},270000]
[158,null,"temir truba","budjetdan tashqari","Elektron do`kon","№4446691  Lot261110085158322","FEDEEX MCHJ",310929103,"xizmat",10,{"$f":"+L177/J177","v":45000},450000]
[159,null,"moy filtri","budjetdan tashqari","Elektron do`kon","№4461631  Lot261110085179528","BILLUR MOTORS NAVOIY MCHJ",310363026,"xizmat",1,{"$f":"+L178/J178","v":55000},55000]
[160,null,"salon filtri","budjetdan tashqari","Elektron do`kon","№4462251  Lot261110085179548","ULGURJI AVTO SERVIS MCHJ",311732325,"xizmat",1,{"$f":"+L179/J179","v":199520},199520]
[161,null,"mator moyi","budjetdan tashqari","Elektron do`kon","№4462249  Lot261110085179589","OQAR OTA HAMKOR",308964456,"xizmat",4,{"$f":"+L180/J180","v":140000},560000]
[162,null,"avtotransport ta'mirlash xizmati","budjetdan tashqari","Elektron do`kon","№4462248  Lot261111145179627","BILLUR MOTORS NAVOIY MAS`ULIYATI CHEKLANGAN JAMIYAT",310363026,"xizmat",1,{"$f":"+L181/J181","v":1441050},1441050]
[163,null,"mator filtri","budjetdan tashqari","Elektron do`kon","№4461965  Lot261110085179569","BILLUR MOTORS NAVOIY MAS`ULIYATI CHEKLANGAN JAMIYAT",310363026,"xizmat",1,{"$f":"+L182/J182","v":210000},210000]
[164,null,"programmalash xizmati","budjetdan tashqari","Elektron do`kon","№4461653  Lot261110085178624","IT WORKS MCHJ",306579176,"xizmat",1,{"$f":"+L183/J183","v":16400000},16400000]
[165,null,"token kalit","budjetdan tashqari","Elektron do`kon","№4463987  Lot261110085181119","ЯТТ РАХМОНОВ МАЪРУФ",581801277,"xizmat",20,{"$f":"+L184/J184","v":302500},6050000]
[166,null,"malaka oshirish o'quv kursi","budjetdan tashqari","Elektron do`kon","№МО/426  Lot261101174416475","ДАВЛАТ ХАВФСИЗЛИК ХИЗМАТИ АКАДЕМИЯСИ",202234169,"xizmat",1,{"$f":"+L185/J185","v":2472000},2472000]
[167,null,"logotipli bayroq","budjetdan tashqari","Elektron do`kon","№4775063  Lot261110085293805","СП XXI ASR ART MEDIA",308165460,"xizmat",100,{"$f":"+L186/J186","v":15555},1555500]
[{"$f":"+A186+1","v":168},null,"logotipli fudbolka","budjetdan tashqari","Elektron do`kon","№4775138  Lot261110085293888","YTT RADJABOV BOYSUN BOTIROVICH","32401816130047/","xizmat",80,{"$f":"+L187/J187","v":59999},4799920]
[169,null,"logotipli kepka","budjetdan tashqari","Elektron do`kon","№4775092  Lot261110085293851","YATT YULDASHEV AKMALJON","30508784310050/","xizmat",80,{"$f":"+L188/J188","v":35000},2800000]
[170,null,"poligrafiya xizmati","budjetdan tashqari","Elektron do`kon","№4777695  Lot261111145296190","ЧПPrint Copying Services",303401123,"xizmat",12,{"$f":"+L189/J189","v":65000},780000]
[171,null,"malaka oshirish o'quv kursi","budjetdan tashqari","Elektron do`kon","№4783471  Lot261110085303197","Давлат тилида иш юритиш асосларини укитиш ва малака ошириш маркази",307387233,"xizmat",1,{"$f":"+L190/J190","v":1443000},1443000]